[Event "Najdorf Mem Open A"]
[Site "Warsaw POL"]
[Date "2010.07.18"]
[Round "2"]
[White "Weichhold,P"]
[Black "Gluszko,M"]
[Result "1-0"]
[WhiteElo "2190"]
[BlackElo "2004"]
[EventDate "2010.07.17"]

1. e4 c5 2. Nf3 d6 3. d4 cxd4 4. Nxd4 Nf6 5. Nc3 a6 6. Bg5 e6 7. f4 Qb6 8.
Qd2 Nc6 9. O-O-O Nxd4 10. Qxd4 Qxd4 11. Rxd4 Bd7 12. Be2 Bc6 13. Bf3 Be7
14. Rhd1 h6 15. Bxf6 gxf6 16. f5 e5 17. R4d3 Rc8 18. b4 b5 19. Kb2 Rg8 20.
g3 Kd7 21. Bh5 Rgf8 22. Be2 Rc7 23. g4 Rfc8 24. R1d2 Bf8 25. Rh3 Ke8 26. a3
Bb7 27. Kb3 Ke7 28. Rd1 Bc6 29. Rdd3 Ke8 30. Bd1 Bb7 31. Rhe3 Rc4 32. Nd5
Bxd5 33. Rxd5 Kd7 34. c3 Be7 35. Be2 R4c7 36. Rh3 Bf8 37. Rd1 Kc6 38. Ra1
Kb6 39. a4 bxa4+ 40. Rxa4 Ra7 41. Ra5 Rc6 42. Rd3 Rac7 43. Rg3 Kb7 44. Kb2
Rb6 45. Rd5 Be7 46. Ra5 Bf8 47. Kb3 Rbc6 48. Ra3 Rc8 49. Kb2 Rb6 50. Bd1 d5
51. exd5 Rc4 52. Ba4 Rf4 53. Bc6+ Ka7 54. Kb3 Bc5 55. Ra4 Rf1 56. Rg2 Re1
57. Rga2 e4 58. Kc4 Bd6 59. b5 e3 60. Rxa6+ Rxa6 61. Rxa6+ Kb8 62. b6 Kc8
63. Ra8+ Bb8 64. d6 Rd1 65. b7+ 1-0

[Event "Najdorf Mem Open A"]
[Site "Warsaw POL"]
[Date "2010.07.18"]
[Round "2"]
[White "Delega,T"]
[Black "Borowicz,P"]
[Result "1/2-1/2"]
[WhiteElo "2186"]
[BlackElo "2001"]
[EventDate "2010.07.17"]

1. e4 c6 2. d4 d5 3. Nc3 dxe4 4. Nxe4 Nd7 5. Nf3 Ngf6 6. Ng3 e6 7. Bd3 Bd6
8. O-O O-O 9. Re1 c5 10. c3 Qc7 11. Ne4 Nxe4 12. Rxe4 b6 13. Rh4 f5 14. Qb3
Nf6 15. dxc5 bxc5 16. Bxf5 Re8 17. Bg5 Qf7 18. Bd3 h6 19. Bd2 e5 20. Bc4
Be6 21. Bxe6 Qxe6 22. Qxe6+ Rxe6 23. Ra4 e4 24. Nh4 Ng4 25. h3 Nf6 26. Nf5
Bc7 27. Be3 Bb6 28. Rd1 Re5 29. Ng3 Rae8 30. Bf4 Rd5 31. Re1 g5 32. Bc1 h5
33. c4 Rde5 34. Rd1 Kf7 35. Ra3 Kg6 36. Re3 Bc7 37. Re2 R5e6 38. Nf1 Be5
39. Be3 Rc6 40. Red2 Re7 41. b3 Bc3 42. Rd6 Rec7 43. Ng3 Rxd6 44. Rxd6 Be5
45. Rd8 Bxg3 46. fxg3 Rc6 47. Kf2 Rc7 48. Ke2 Rc6 49. Ra8 Rc7 50. Rb8 Rc6
51. Rb7 Ra6 52. a4 Rb6 53. Rxb6 axb6 54. a5 bxa5 55. Bxc5 Nd7 56. Bd6 Kf5
57. Ke3 a4 58. bxa4 Nb6 59. c5 Nxa4 60. Kd4 Ke6 61. Kxe4 Nc3+ 62. Kd3 Nb5
63. Bf8 Kd5 64. Ke3 Nd4 65. Kf2 Ne6 66. Be7 Ke4 67. Bd6 Kd5 68. h4 gxh4 69.
gxh4 Nd4 70. g4 hxg4 71. Kg3 Nf5+ 72. Kxg4 Nxd6 73. cxd6 Kxd6 74. Kh5 Ke7
75. Kg6 Kf8 76. h5 Kg8 77. h6 Kh8 1/2-1/2

[Event "Najdorf Mem Open A"]
[Site "Warsaw POL"]
[Date "2010.07.18"]
[Round "2"]
[White "Rademakers,E"]
[Black "Suchocki,T"]
[Result "1-0"]
[WhiteElo "2171"]
[BlackElo "1978"]
[EventDate "2010.07.17"]

1. d4 Nf6 2. c4 c5 3. d5 e5 4. Nc3 d6 5. g3 g6 6. Bg2 Bg7 7. e4 O-O 8. Nge2
Nbd7 9. O-O a6 10. h3 Rb8 11. a4 Ne8 12. Be3 Nc7 13. a5 b5 14. axb6 Nxb6
15. b3 Nd7 16. Rb1 Ne8 17. Qd2 Rb4 18. Nc1 Qc7 19. Nd3 Rb7 20. Rfc1 Qb8 21.
b4 cxb4 22. Na4 a5 23. c5 dxc5 24. Naxc5 Rc7 25. Nb3 Rxc1+ 26. Rxc1 a4 27.
Na5 Nd6 28. Nc6 Qa8 29. Qxb4 Nb7 30. Ra1 Qa6 31. Bf1 1-0

[Event "Najdorf Mem Open A"]
[Site "Warsaw POL"]
[Date "2010.07.19"]
[Round "3"]
[White "Jakubowski,K"]
[Black "Zhigalko,S"]
[Result "1/2-1/2"]
[WhiteElo "2506"]
[BlackElo "2656"]
[EventDate "2010.07.17"]

1. c4 e5 2. Nc3 Nc6 3. g3 Bc5 4. Bg2 d6 5. e3 Bf5 6. a3 a5 7. d3 Nf6 8.
Nge2 O-O 9. h3 h6 10. O-O Re8 11. g4 Bd7 12. Ng3 Rb8 13. b3 Bb6 14. Bb2 Ne7
15. d4 Ng6 16. dxe5 Nxe5 17. Nd5 Nxd5 18. cxd5 Bb5 19. Ne2 Qh4 20. a4 Ba6
21. Qc2 f5 22. Bxe5 Rxe5 23. gxf5 Rf8 24. Nf4 Bxf1 25. Ng6 Qg5 26. Rxf1
Rfxf5 27. Nxe5 Rxe5 28. Qc4 Qg6 29. Qg4 Rg5 30. Qf3 Qc2 31. h4 Rg6 32. Qh3
Qe4 33. Kh1 Qg4 34. Rc1 h5 35. Rc4 Qd1+ 36. Kh2 Rg4 37. Rxg4 Qxg4 38. Qxg4
hxg4 39. Be4 Kf7 40. Bf5 Bc5 41. Bc8 b6 42. Kg3 Kf6 43. Kxg4 Bb4 1/2-1/2

[Event "Najdorf Mem Open A"]
[Site "Warsaw POL"]
[Date "2010.07.19"]
[Round "3"]
[White "Socko,M"]
[Black "Dziuba,M"]
[Result "1/2-1/2"]
[WhiteElo "2477"]
[BlackElo "2582"]
[EventDate "2010.07.17"]

1. d4 d5 2. c4 c6 3. e3 Nf6 4. Nf3 Bf5 5. Nc3 e6 6. Nh4 Be4 7. f3 Bg6 8.
Qb3 Qc7 9. Bd2 Be7 10. cxd5 cxd5 11. Nxg6 hxg6 12. O-O-O Nc6 13. Kb1 O-O
14. Rc1 a6 15. g4 Na5 16. Qd1 Nc4 17. Bxc4 dxc4 18. h4 b5 19. h5 b4 20. Na4
Rfc8 21. hxg6 fxg6 22. Nc5 c3 23. bxc3 bxc3 24. Bxc3 Nd5 25. Bb2 Rab8 26.
Nb3 Qg3 27. Rxc8+ Rxc8 28. Qe2 Kf7 29. Rc1 Rxc1+ 30. Nxc1 a5 31. e4 Nf4 32.
Qd1 Qf2 33. a3 Qe3 34. Qb3 Qd2 35. Bc3 Qe3 36. Bxa5 Qxd4 37. Bc3 Qg1 38.
Bb2 Ne2 39. Qc4 Nxc1 40. Qxc1 Qb6 41. Ka2 Bf6 42. e5 Be7 43. Qf4+ Kg8 44.
Qd4 Bc5 45. Qc4 Kh7 46. a4 Bf2 47. Qc2 Be1 48. Qe4 Qa5 49. f4 Bc3 50. f5
Bxb2 51. fxg6+ Kh6 52. Kxb2 Kg5 53. Kb3 Qb6+ 54. Kc4 Kh4 55. Qd4 Qa6+ 56.
Kc3 Qa5+ 57. Kc2 Qa6 58. Kd2 Qa8 59. Ke2 Kg3 60. Kd3 Qa6+ 61. Qc4 Qb6 62.
Qc3 Qa6+ 63. Kd4+ Kxg4 64. a5 Qb5 65. Ke3 Kg5 66. Kd2 Qd5+ 67. Kc2 Qa2+ 68.
Kc1 Qa4 69. Qd2+ Kh4 70. Qd8+ Kg3 71. Qd3+ Kf4 72. a6 Qa1+ 73. Kc2 Qa2+ 74.
Kc3 Kxe5 75. Qd4+ Kf5 76. Qc5+ Kxg6 77. a7 Qa6 78. Kb4 Qb7+ 79. Ka5 Kh7 80.
Qb6 Qd5+ 81. Qb5 Qd8+ 82. Ka6 Qc8+ 83. Kb6 Qd8+ 84. Kb7 Qe7+ 85. Ka6 Qd6+
86. Qb6 Qd3+ 87. Kb7 Qd7+ 88. Kb8 Qe8+ 89. Kc7 Qf7+ 90. Kc6 Qf3+ 91. Kd6
Qf8+ 92. Kc6 Qf3+ 1/2-1/2

[Event "Najdorf Mem Open A"]
[Site "Warsaw POL"]
[Date "2010.07.19"]
[Round "3"]
[White "Malakhatko,V"]
[Black "Burg,T"]
[Result "1-0"]
[WhiteElo "2576"]
[BlackElo "2449"]
[EventDate "2010.07.17"]

1. c4 Nf6 2. Nc3 g6 3. e4 d6 4. d4 Bg7 5. Nf3 O-O 6. Be2 e5 7. O-O Nc6 8.
d5 Ne7 9. b4 Nh5 10. Re1 a5 11. bxa5 Rxa5 12. Nd2 Nf6 13. Nb3 Ra8 14. c5
Ne8 15. Be3 f5 16. f3 f4 17. Bf2 g5 18. cxd6 cxd6 19. a4 h5 20. a5 Ng6 21.
Na4 Rf7 22. Nb6 Rb8 23. Rc1 Bf8 24. Rc3 Bd7 25. Nxd7 Qxd7 26. Nd2 Nf6 27.
Bb6 Rc8 28. Bb5 Rxc3 29. Bxd7 Rxd7 30. Qb1 Kf7 31. Rc1 Rxc1+ 32. Qxc1 Be7
33. Qc8 Nf8 34. Nc4 Ne8 35. Kf1 h4 36. Ke2 Bf6 37. Na3 Be7 38. Nb5 Bf6 39.
Nc3 Be7 40. Nd1 g4 41. fxg4 Nf6 42. Nf2 N8h7 43. Nh3 Nf8 44. Kf3 N6h7 45.
Ke2 Bf6 46. Kd3 Be7 47. Ng1 Ng5 48. h3 Bf6 49. Bf2 Be7 50. Bxh4 Nxe4 51.
Kxe4 Bxh4 52. Nf3 Bd8 53. h4 Bxa5 54. Ng5+ Ke7 55. Kf5 Rd8 56. Qxb7+ Nd7
57. Ne6 Rh8 58. h5 Be1 59. g5 Rxh5 60. Nf8 Kxf8 61. Qxd7 Rh8 62. Kf6 Rh6+
63. gxh6 Bh4+ 64. Ke6 Be7 65. Qxe7+ Kg8 66. Qg7+ 1-0

[Event "Najdorf Mem Open A"]
[Site "Warsaw POL"]
[Date "2010.07.19"]
[Round "3"]
[White "Sznapik,A"]
[Black "Mista,A"]
[Result "0-1"]
[WhiteElo "2434"]
[BlackElo "2562"]
[EventDate "2010.07.17"]

1. e4 g6 2. d4 Bg7 3. Nf3 d6 4. Be2 Nf6 5. Nc3 O-O 6. O-O c6 7. a4 a5 8. h3
Na6 9. Be3 Nb4 10. Qd2 Ne8 11. Rad1 f5 12. e5 Nc7 13. Bh6 d5 14. Bxg7 Kxg7
15. Nb1 f4 16. c3 Nba6 17. Na3 h6 18. Rfe1 Be6 19. Bd3 g5 20. Bb1 Qe8 21.
Qc2 Rh8 22. Nh2 Qf7 23. Qb3 h5 24. Qxb7 g4 25. Qxc6 gxh3 26. Nb5 Nxb5 27.
axb5 Rhc8 28. Qb6 Kh8 29. gxh3 Nb8 30. Kh1 Nd7 31. Qb7 Rg8 32. Rg1 Bxh3 33.
Qc6 e6 34. Bd3 f3 35. Rg3 Bg2+ 36. Kg1 h4 37. Rg4 Bh3 38. Bg6 Rxg6 39.
Qxa8+ Kg7 40. Qd8 Bxg4 41. Qxh4 Qf4 42. Qe7+ Kh6 43. Kh1 Bh3 44. Qd8 Nf8
45. b6 Kh7 46. Qe7+ Kg8 47. b7 Bg2+ 48. Kg1 Rh6 0-1

[Event "Najdorf Mem Open A"]
[Site "Warsaw POL"]
[Date "2010.07.19"]
[Round "3"]
[White "Brodsky,M"]
[Black "Krysztofiak,M"]
[Result "1/2-1/2"]
[WhiteElo "2540"]
[BlackElo "2436"]
[EventDate "2010.07.17"]

1. d4 d6 2. e4 g6 3. c4 Bg7 4. Nc3 e5 5. Nf3 exd4 6. Nxd4 Nc6 7. Be3 Nge7
8. h4 h5 9. Qd2 O-O 10. Nf3 f5 11. Bh6 fxe4 12. Bxg7 Kxg7 13. Nxe4 Ne5 14.
Nfg5 Bf5 15. O-O-O Kg8 16. Nc3 Qd7 17. f4 Ng4 18. g3 Rad8 19. Bg2 c6 20.
Rhe1 Nc8 21. Be4 Rfe8 22. Qd4 Bxe4 23. Rxe4 Rxe4 24. Ncxe4 Qe7 25. Rd2 d5
26. cxd5 Rxd5 27. Qc3 1/2-1/2

[Event "Najdorf Mem Open A"]
[Site "Warsaw POL"]
[Date "2010.07.19"]
[Round "3"]
[White "Macieja,B"]
[Black "Rej,T"]
[Result "1/2-1/2"]
[WhiteElo "2639"]
[BlackElo "2334"]
[EventDate "2010.07.17"]

1. e4 e5 2. Nf3 Nc6 3. Bb5 a6 4. Ba4 Nf6 5. O-O Be7 6. Bxc6 dxc6 7. d3 Nd7
8. Nbd2 O-O 9. Nc4 f6 10. Nh4 Nc5 11. Nf5 Ne6 12. Qg4 Kh8 13. Qg3 Rf7 14.
f4 exf4 15. Bxf4 Nxf4 16. Rxf4 Be6 17. Na5 Bxf5 18. exf5 Qd5 19. Nc4 Bc5+
20. Kf1 Re8 21. Qf3 Rfe7 22. Qxd5 cxd5 23. d4 Re4 24. Rxe4 Rxe4 25. dxc5
Rxc4 26. Re1 Kg8 27. Re7 Rxc5 28. c3 b5 29. Ke2 b4 30. cxb4 Rc2+ 31. Kd3
Rxb2 32. Rxc7 Rxa2 33. Rc8+ Kf7 34. Rc7+ Kf8 35. Rc8+ Ke7 36. Rc7+ Kf8
1/2-1/2

[Event "Najdorf Mem Open A"]
[Site "Warsaw POL"]
[Date "2010.07.19"]
[Round "3"]
[White "Erdos,V"]
[Black "Cernousek,L"]
[Result "1-0"]
[WhiteElo "2592"]
[BlackElo "2412"]
[EventDate "2010.07.17"]

1. d4 f5 2. Nc3 Nf6 3. Bg5 d5 4. Bxf6 exf6 5. e3 c6 6. Bd3 Na6 7. Bxa6 bxa6
8. Nge2 Bd6 9. Qd2 O-O 10. Na4 a5 11. O-O Ba6 12. Rfe1 Re8 13. Ng3 g6 14.
b3 Rb8 15. Rad1 Qc7 16. Nc5 Bxc5 17. dxc5 Rb5 18. Ne2 Rxc5 19. Nd4 Qb6 20.
c3 a4 21. h4 axb3 22. axb3 Ra5 23. b4 Ra4 24. h5 Qb7 25. Nb3 1-0

[Event "Najdorf Mem Open A"]
[Site "Warsaw POL"]
[Date "2010.07.19"]
[Round "3"]
[White "Vysochin,S"]
[Black "Staniszewski,Pi"]
[Result "1/2-1/2"]
[WhiteElo "2562"]
[BlackElo "2389"]
[EventDate "2010.07.17"]

1. e4 e5 2. Nf3 Nc6 3. d4 exd4 4. Nxd4 Bc5 5. Nxc6 Qf6 6. Qf3 bxc6 7. Be2
Bd4 8. c3 Qxf3 9. Bxf3 Be5 10. Na3 Ba6 11. Be3 Nf6 12. O-O-O d6 13. Bd4 Nd7
14. g3 c5 15. Be3 Bb7 16. Rhe1 f5 17. Nc4 O-O 18. Bh1 f4 19. Nxe5 fxe3 20.
Nxd7 exf2 21. Rf1 Rf7 22. e5 Bxh1 23. e6 Re7 24. Rxh1 Rxe6 25. Rhf1 Re2 26.
Rd2 Re1+ 27. Rd1 Re2 28. Rd2 Re1+ 29. Rd1 Re2 1/2-1/2

[Event "Najdorf Mem Open A"]
[Site "Warsaw POL"]
[Date "2010.07.19"]
[Round "3"]
[White "Berczes,D"]
[Black "Bove,A"]
[Result "0-1"]
[WhiteElo "2551"]
[BlackElo "2377"]
[EventDate "2010.07.17"]

1. d4 d5 2. c4 c6 3. Nc3 Nf6 4. e3 Bf5 5. cxd5 Nxd5 6. Bc4 e6 7. Nge2 Nd7
8. O-O Bg6 9. e4 Nxc3 10. Nxc3 Nb6 11. Bb3 Bb4 12. f3 O-O 13. Be3 Qe7 14.
Ne2 Rfd8 15. a3 Bd6 16. Qe1 f6 17. Ng3 Kh8 18. Qf2 Bc7 19. Rad1 f5 20. e5
Nd5 21. Bxd5 Rxd5 22. Ne2 Rd7 23. h4 h6 24. Nf4 Bf7 25. g3 Rg8 26. h5 Rgd8
27. Rd2 c5 28. Rfd1 cxd4 29. Bxd4 Kh7 30. Kg2 Qe8 31. Bc3 Bb6 32. Qe2 Rxd2
33. Rxd2 Rxd2 34. Qxd2 Qc6 35. Ba5 Bxa5 36. Qxa5 Qc2+ 37. Kh3 Qc1 38. Kg2
Qxb2+ 39. Kg1 Qc1+ 40. Kg2 Qc2+ 41. Kg1 Qd1+ 42. Kf2 Qd4+ 43. Kg2 Be8 44.
Qe1 Bc6 45. Qe2 Bd7 46. Ng6 Qc5 47. Qd3 Be8 48. Qd8 Qc2+ 49. Kg1 Qb1+ 50.
Kg2 Qa2+ 51. Kh3 Bxg6 52. hxg6+ Kxg6 53. Qe8+ Kh7 54. f4 Qd5 55. Kh2 a5 56.
a4 Qc6 57. Qf7 b6 58. Kg1 Qxa4 59. Qxe6 Qd1+ 60. Kg2 Qc2+ 61. Kh3 a4 62.
Qxb6 a3 63. e6 a2 64. Qd4 Qb1 0-1

[Event "Najdorf Mem Open A"]
[Site "Warsaw POL"]
[Date "2010.07.19"]
[Round "3"]
[White "Przedmojski,R"]
[Black "Olszewski,Mi"]
[Result "0-1"]
[WhiteElo "2390"]
[BlackElo "2543"]
[EventDate "2010.07.17"]

1. d4 Nf6 2. c4 g6 3. Nc3 d5 4. Bg5 Ne4 5. Bh4 Nxc3 6. bxc3 dxc4 7. Qa4+
Qd7 8. Qxc4 b6 9. Nf3 Ba6 10. Qb3 Bg7 11. e3 Bxf1 12. Kxf1 Nc6 13. Ke2 e5
14. h3 O-O 15. Rhd1 e4 16. Nd2 Rfe8 17. Kf1 Na5 18. Qc2 f5 19. Rac1 Rac8
20. c4 Qf7 21. Kg1 c5 22. d5 Nb7 23. Qa4 Nd6 24. Bg3 Be5 25. Qb3 g5 26.
Bxe5 Rxe5 27. f4 Re7 28. Rf1 Qh5 29. Qd1 Qh6 30. Kh2 Rg7 31. g3 Kh8 32. Rg1
Rcg8 33. Qe2 Ne8 34. Nf1 Nf6 35. Qb2 Rg6 36. Rd1 Qh5 37. fxg5 Qxd1 38. gxf6
Rf8 39. g4 fxg4 40. Ng3 Qf3 41. Rf1 Qxe3 42. Qe5 Qd2+ 43. Kh1 gxh3 44. Rg1
Qd4 0-1

[Event "Najdorf Mem Open A"]
[Site "Warsaw POL"]
[Date "2010.07.19"]
[Round "3"]
[White "Bentivegna,F"]
[Black "Petrov,Marij"]
[Result "1/2-1/2"]
[WhiteElo "2340"]
[BlackElo "2535"]
[EventDate "2010.07.17"]

1. e4 c5 2. c3 Nf6 3. e5 Nd5 4. d4 cxd4 5. Nf3 e6 6. cxd4 d6 7. Bc4 Nc6 8.
O-O Be7 9. Qe2 O-O 10. Nc3 Nxc3 11. bxc3 dxe5 12. dxe5 b6 13. Bd3 Bb7 14.
Qe4 g6 15. Bh6 Na5 16. Qe3 Re8 17. Bb5 Bc6 18. Bxc6 Nxc6 19. Rad1 Qc7 20.
Bg5 Rad8 21. h4 Rxd1 22. Rxd1 Rd8 23. Rxd8+ Qxd8 24. Kh2 Bxg5 25. Nxg5 Qd5
26. f4 Qxa2 27. h5 h6 28. Ne4 Kg7 29. hxg6 fxg6 30. Nf6 Ne7 31. Qd4 Nd5 32.
c4 1/2-1/2

[Event "Najdorf Mem Open A"]
[Site "Warsaw POL"]
[Date "2010.07.19"]
[Round "3"]
[White "Simonian,H"]
[Black "Laurusas,T"]
[Result "1-0"]
[WhiteElo "2494"]
[BlackElo "2233"]
[EventDate "2010.07.17"]

1. e4 c5 2. Nc3 e6 3. Nf3 a6 4. g3 Qc7 5. Bg2 Nf6 6. O-O Nc6 7. d3 d6 8.
Ng5 h6 9. Nh3 b5 10. f4 Bb7 11. f5 e5 12. Nd5 Qd8 13. Nxf6+ Qxf6 14. Qh5 g6
15. Qd1 O-O-O 16. a4 b4 17. Be3 g5 18. Bf3 Be7 19. Bh5 Rhf8 20. Qf3 d5 21.
exd5 Nd4 22. Bxd4 exd4 23. Qe2 Rxd5 24. Rae1 Bd6 25. Bf3 Re5 26. Bxb7+ Kxb7
27. Qf3+ Kc7 28. Rxe5 Qxe5 29. Nf2 Qe3 30. Qxe3 dxe3 31. Ng4 e2 32. Re1 h5
33. Nf2 Re8 34. Ne4 Be5 35. c3 bxc3 36. bxc3 Rd8 37. Rxe2 Rxd3 38. Nf2 Rxc3
39. Rxe5 Rc1+ 40. Kg2 Kd6 1-0

[Event "Najdorf Mem Open A"]
[Site "Warsaw POL"]
[Date "2010.07.19"]
[Round "3"]
[White "Deszczynski,A"]
[Black "Sveshnikov,E"]
[Result "1/2-1/2"]
[WhiteElo "2352"]
[BlackElo "2487"]
[EventDate "2010.07.17"]

1. e4 c5 2. Nf3 Nc6 3. Bb5 e6 4. Bxc6 bxc6 5. d3 Ne7 6. Qe2 Ng6 7. h4 Qc7
8. h5 Nf4 9. Qf1 e5 10. Bxf4 exf4 11. Qe2 Be7 12. Nc3 Rb8 13. Rb1 O-O 14.
Qd2 d5 15. exd5 Bb7 16. d6 Qxd6 17. O-O Bc8 18. Rfe1 Bg4 19. Ne5 Bxh5 20.
Qxf4 Rfe8 21. Qh2 Bf6 22. Nc4 Qxh2+ 23. Kxh2 Bd4 24. Kg1 Rxe1+ 25. Rxe1
Bxc3 26. bxc3 f6 27. Re7 Bf7 28. Ne3 Bxa2 29. Rxa7 Be6 30. f4 c4 31. dxc4
g6 32. Re7 Bf7 33. Rc7 Re8 34. Kf2 Re6 35. Kf3 f5 36. c5 Kf8 37. Rc8+ Ke7
38. Rc7+ Kf8 39. Rc8+ Ke7 40. Rh8 h5 41. Rc8 Kd7 42. Rb8 Re4 43. Rb7+ Ke8
44. Rb4 Bd5 45. Nxd5 cxd5 46. Rd4 h4 47. Rxd5 Rc4 48. Ke3 Rxc3+ 49. Kd2 Rc4
50. Kd3 Rxf4 51. c6 Ra4 52. c7 Ra8 53. Rd6 Rc8 54. Rxg6 Rxc7 55. Rh6 Rg7
1/2-1/2

[Event "Najdorf Mem Open A"]
[Site "Warsaw POL"]
[Date "2010.07.19"]
[Round "3"]
[White "Bernasek,J"]
[Black "Klim,K"]
[Result "0-1"]
[WhiteElo "2514"]
[BlackElo "2245"]
[EventDate "2010.07.17"]

1. d4 Nf6 2. c4 e6 3. Nc3 Bb4 4. e3 d5 5. Nge2 O-O 6. a3 Bxc3+ 7. Nxc3 b6
8. cxd5 exd5 9. b4 c5 10. Be2 Nc6 11. O-O c4 12. f3 Bb7 13. Re1 Qd7 14. e4
dxe4 15. d5 Ne5 16. fxe4 Qe7 17. Qd4 Rac8 18. Bg5 h6 19. Bh4 Ng6 20. Bg3
Nd7 21. Bg4 Rce8 22. Bxd7 Qxd7 23. Qxc4 Rc8 24. Qd3 f5 25. e5 Rxc3 26. Qxc3
Qxd5 27. Qc2 Qd4+ 28. Qf2 Qg4 29. Qe2 Qg5 30. Qc4+ Kh7 31. Qc7 Ba8 32. Rad1
f4 33. Rd7 Rg8 34. e6 fxg3 35. hxg3 Qf6 36. e7 Qb2 0-1

[Event "Najdorf Mem Open A"]
[Site "Warsaw POL"]
[Date "2010.07.19"]
[Round "3"]
[White "Janczarski,M"]
[Black "Warakomski,T"]
[Result "0-1"]
[WhiteElo "2285"]
[BlackElo "2495"]
[EventDate "2010.07.17"]

1. c4 e5 2. g3 Nc6 3. Bg2 d6 4. Nc3 Be6 5. d3 Qd7 6. Rb1 g6 7. b4 Bg7 8. b5
Nd8 9. Nf3 h6 10. O-O Ne7 11. Bb2 O-O 12. e4 f5 13. Nd5 Nc8 14. c5 c6 15.
bxc6 bxc6 16. Ne3 Bxa2 17. Ra1 Qe6 18. Qa4 Bb3 19. Qa3 Rb8 20. cxd6 Nxd6
21. exf5 gxf5 22. Qxa7 Rb7 23. Qc5 f4 24. Ba3 Nb5 25. Nc4 e4 26. Nfd2 f3
27. Nxb3 fxg2 28. Rfe1 Rf5 29. Rxe4 Rxc5 30. Nxc5 Qd5 31. Nxb7 Nxb7 32.
Re8+ Kh7 33. Re7 Nd4 34. Rb1 Nf3+ 35. Kxg2 Nd2+ 36. Kg1 Nf3+ 37. Kg2 Ng5+
0-1

[Event "Najdorf Mem Open A"]
[Site "Warsaw POL"]
[Date "2010.07.19"]
[Round "3"]
[White "Bobula,M"]
[Black "Alvarado,C"]
[Result "0-1"]
[WhiteElo "2387"]
[BlackElo "2216"]
[EventDate "2010.07.17"]

1. d4 d5 2. c4 e6 3. Nf3 Nf6 4. g3 dxc4 5. Qa4+ c6 6. Qxc4 b5 7. Qd3 Bb7 8.
Bg2 a6 9. O-O c5 10. a4 Nbd7 11. axb5 Be4 12. Qd1 axb5 13. Rxa8 Qxa8 14.
Bf4 b4 15. Nbd2 Bd5 16. Qa1 Qb7 17. Rc1 Be7 18. dxc5 Nxc5 19. Qa5 Nfd7 20.
Be3 Bd8 21. Qa1 Be7 22. Qa5 Bd8 23. Qa1 Be7 24. Bxc5 Bxc5 25. e4 Bc6 26.
Nb3 Qb6 27. Nxc5 Nxc5 28. Nd4 Bb7 29. Nb3 Nd3 30. Rc2 O-O 31. Qd1 Ba6 32.
Bf1 Ne5 33. Bxa6 Qxa6 34. f4 Qb6+ 35. Kg2 Rd8 36. Rd2 Rxd2+ 37. Qxd2 Ng6
38. Qd4 Qb5 39. Kf2 h5 40. Nc5 Qb6 41. Ke3 Qa5 42. Nd3 Qa1 43. Qxb4 Qg1+
44. Nf2 Qxh2 45. Qb8+ Kh7 46. f5 exf5 47. exf5 Nh4 48. Ne4 Nxf5+ 49. Kf4
Nxg3 50. Nxg3 h4 51. Kf3 hxg3 52. Qe5 Qf2+ 53. Kg4 g2 54. Qh2+ Kg6 55. Qd6+
f6 56. Qd3+ f5+ 0-1

[Event "Najdorf Mem Open A"]
[Site "Warsaw POL"]
[Date "2010.07.19"]
[Round "3"]
[White "Lewandowski,Ra"]
[Black "Beinoras,M"]
[Result "0-1"]
[WhiteElo "2240"]
[BlackElo "2386"]
[EventDate "2010.07.17"]

1. e4 e5 2. Nf3 Nc6 3. Bb5 Bc5 4. O-O Nf6 5. c3 O-O 6. d4 Bb6 7. Re1 d6 8.
h3 h6 9. Be3 Bd7 10. a4 exd4 11. cxd4 a6 12. Bf1 d5 13. e5 Ne4 14. Nc3 Be6
15. Bd3 Ba5 16. Qb3 f5 17. Red1 Qd7 18. Bxe4 fxe4 19. Nxe4 dxe4 20. d5 exf3
21. dxe6 Qe8 22. Rd7 Kh8 23. Bxh6 gxh6 24. Qd3 Ne7 25. g4 Qg6 26. Qc4 Rae8
27. b4 b5 28. Qc3 Qxe6 29. bxa5 Rf4 30. Rad1 Rg8 31. Kh2 0-1

[Event "Najdorf Mem Open A"]
[Site "Warsaw POL"]
[Date "2010.07.19"]
[Round "3"]
[White "Czerwonski,A"]
[Black "Tscharotschkin,M"]
[Result "1-0"]
[WhiteElo "2379"]
[BlackElo "2201"]
[EventDate "2010.07.17"]

1. d4 d5 2. c4 e6 3. Nf3 Nf6 4. Bg5 c6 5. e3 Be7 6. Nc3 Nbd7 7. Qc2 O-O 8.
O-O-O a5 9. h3 dxc4 10. Bxc4 b5 11. Bd3 Ba6 12. Ne5 Nxe5 13. dxe5 Nd5 14.
Bxe7 Qxe7 15. Nxd5 cxd5 16. Kb1 Rfc8 17. Qe2 Rc5 18. Rc1 g6 19. a4 Rb8 20.
Rxc5 Qxc5 21. Rc1 Qb4 22. Rc6 Bb7 23. Rb6 Qxa4 24. Rxb5 Qh4 25. Qd2 Qe7 26.
Qxa5 Ra8 27. Qb4 Qxb4 28. Rxb4 Ra7 29. b3 Kf8 30. Ra4 Ra8 31. Rxa8+ Bxa8
32. Kb2 Ke7 33. Ka3 f5 34. g3 g5 35. Kb4 h5 36. h4 g4 37. Kc5 1-0

[Event "Najdorf Mem Open A"]
[Site "Warsaw POL"]
[Date "2010.07.19"]
[Round "3"]
[White "Krzyzanowski,M"]
[Black "Weichhold,P"]
[Result "0-1"]
[WhiteElo "2377"]
[BlackElo "2190"]
[EventDate "2010.07.17"]

1. d4 g6 2. c4 Bg7 3. Nc3 Nf6 4. e4 d6 5. Be2 O-O 6. Bg5 c5 7. d5 h6 8. Be3
e6 9. Qd2 exd5 10. cxd5 Re8 11. f3 Kh7 12. g4 Nbd7 13. h4 Ne5 14. Nh3 h5
15. g5 Ng8 16. Nf2 b5 17. f4 Nc4 18. Bxc4 bxc4 19. O-O f5 20. gxf6 Nxf6 21.
f5 gxf5 22. Bg5 Qd7 23. Qe2 Ng4 24. Nxg4 hxg4 25. Qxc4 Bd4+ 26. Kh1 fxe4
27. Qe2 Kg7 28. Qg2 g3 29. Bf6+ Kh6 30. Bxd4 cxd4 31. Rf6+ Kg7 32. Qxg3+
Qg4 33. Qxg4+ Bxg4 34. Rf4 Bf3+ 35. Kh2 dxc3 36. Rg1+ Kh8 37. Rf6 Re7 38.
bxc3 Rd8 39. c4 Rg7 40. Rh6+ Rh7 41. Rhg6 Be2 42. Kg3 Bxc4 0-1

[Event "Najdorf Mem Open A"]
[Site "Warsaw POL"]
[Date "2010.07.19"]
[Round "3"]
[White "Van Assendelft,F"]
[Black "Rademakers,E"]
[Result "1-0"]
[WhiteElo "2374"]
[BlackElo "2171"]
[EventDate "2010.07.17"]

1. e4 c5 2. Nf3 Nc6 3. Nc3 Nf6 4. d4 cxd4 5. Nxd4 e6 6. Ndb5 Bb4 7. a3
Bxc3+ 8. Nxc3 d5 9. exd5 exd5 10. Bd3 O-O 11. O-O Bg4 12. f3 Bh5 13. Bg5
Qb6+ 14. Kh1 Ne4 15. Nxe4 dxe4 16. Bxe4 Qxb2 17. Qd3 Bg6 18. Rab1 Bxe4 19.
fxe4 Qe5 20. Bf4 Qe6 21. Rxb7 Rad8 22. Qf3 Nd4 23. Qf2 Qa6 24. Rc7 Qxa3 25.
Be5 Ne6 26. Rxf7 Qa6 27. Rf5 g6 28. Rf3 Rxf3 29. gxf3 Rd2 30. Qe1 Rxc2 31.
Rf2 Rc5 32. Bb2 Nf4 33. Rd2 Nd3 34. Qe2 Nb4 35. Rd8+ Kf7 36. Qd1 Nc6 37.
Rd6 Qb5 38. Rf6+ Kg8 39. Ba3 Rc3 40. Rxc6 Rd3 41. Rc8+ 1-0

[Event "Najdorf Mem Open A"]
[Site "Warsaw POL"]
[Date "2010.07.19"]
[Round "3"]
[White "Fuchs,Ju"]
[Black "Nguyen,P"]
[Result "1/2-1/2"]
[WhiteElo "2232"]
[BlackElo "2372"]
[EventDate "2010.07.17"]

1. e4 e6 2. d4 d5 3. Nc3 h6 4. exd5 exd5 5. Bd3 Nf6 6. Nge2 c5 7. dxc5 Bxc5
8. O-O O-O 9. Nf4 d4 10. Ne4 Nxe4 11. Bxe4 Nc6 12. Nd3 Bb6 13. Qf3 Be6 14.
Qg3 Bc7 15. Bf4 Rc8 16. Rad1 f5 17. Bxc6 Bxf4 18. Nxf4 Rxc6 19. Nxe6 Rxe6
20. Qb3 Rfe8 21. Qxb7 Re2 22. Qb4 R8e4 23. Rd2 Rxd2 24. Qxd2 Qd5 25. b3 Qe5
26. Qd3 Re2 27. h3 a5 28. a4 Kh8 29. Rd1 Re1+ 30. Rxe1 Qxe1+ 31. Qf1 Qd2
32. Qc4 1/2-1/2

[Event "Najdorf Mem Open A"]
[Site "Warsaw POL"]
[Date "2010.07.19"]
[Round "3"]
[White "Zozulia,A"]
[Black "Bernotas,A"]
[Result "1-0"]
[WhiteElo "2340"]
[BlackElo "2059"]
[EventDate "2010.07.17"]

1. e4 c5 2. Nf3 d6 3. c3 Nf6 4. Be2 Nc6 5. d3 e6 6. O-O Be7 7. Nbd2 O-O 8.
d4 Rb8 9. Bd3 b5 10. Qe2 Qb6 11. e5 Nd5 12. exd6 Bxd6 13. Ne4 Be7 14. Nxc5
Bxc5 15. dxc5 Qxc5 16. Ng5 h6 17. Ne4 Qb6 18. a4 a6 19. axb5 axb5 20. Nd6
b4 21. c4 Nd4 22. Qe4 Nf6 23. Qe5 Nc6 24. Qg3 Qd4 25. Nb5 Qg4 26. Bf4 e5
27. Bxe5 Nxe5 28. Qxe5 Bb7 29. f3 Qh4 30. Nd6 Rbd8 31. Rad1 Bc6 32. Nf5 1-0

[Event "Najdorf Mem Open A"]
[Site "Warsaw POL"]
[Date "2010.07.19"]
[Round "3"]
[White "Czarnota,D"]
[Black "Matuszewski,M"]
[Result "0-1"]
[WhiteElo "2214"]
[BlackElo "2317"]
[EventDate "2010.07.17"]

1. Nf3 d5 2. d4 Nf6 3. c4 e6 4. e3 Be7 5. Nc3 O-O 6. Be2 Nbd7 7. O-O b6 8.
b3 Bb7 9. Bb2 Rc8 10. Rc1 c5 11. Bd3 Ne4 12. Qe2 cxd4 13. exd4 Ndf6 14. Ne5
Nxc3 15. Bxc3 Ba3 16. Rc2 Ne4 17. Ba1 Bd6 18. f3 Bxe5 19. dxe5 Nc5 20. cxd5
Nxd3 21. Qxd3 Ba6 22. Qxa6 Rxc2 23. d6 Qc8 24. Qd3 Rc1 25. Bb2 Qc5+ 26. Bd4
Rxf1+ 27. Kxf1 Qc1+ 28. Ke2 Rc8 29. Kf2 Qc2+ 30. Qxc2 Rxc2+ 31. Ke3 Kf8 32.
a4 Rxg2 33. Kd3 Rxh2 34. f4 Ke8 35. Kc4 Rd2 36. Bg1 Rd5 0-1